000
00308 a2200145 4500
001
177634
020
_a
040
_c
Magnum
100
_a
Edelbra
240
1
0
_a
Macaquinho traquinas
_l
SEM
245
1
0
_a
Macaquinho traquinas
362
0
_a
1899
697
_a
MAGNITO: MAGNITO SEM ÁREA E AS
942
_c
BK
999
_c
177634
_d
177634